Statistics for Common Knowledge #36

Click here to take the quiz!

General Stats

  • This quiz has been taken 85 times
  • The average score is 10 of 15

Answer Stats

HintAnswer% Correct
Which ocean is off the California coast?Pacific
93%
Who wrote the horror novel "It"?Stephen King
86%
What do fish use to breathe?Gills
84%
Whose nose grew longer every time he lied?Pinocchio
84%
What is the name of the toy cowboy in "Toy Story"?Woody
81%
What’s the response to “see you later, alligator?”In a while, {crocodile}
80%
What is Sweden's capital city?Stockholm
75%
On the farm, what animal is called a kid?Baby {goat}
70%
What brings blood to the heart?Veins
70%
What was the first animal to ever be cloned?Sheep
68%
Term for changing gas to liquid.Condensation
57%
What nut is used to make marzipan?Almond
55%
What occasion corresponds to the longest day of the year?Summer Solstice
43%
What U.S. state is home to Acadia National Park?Maine
26%
M&M’S Fruit Chews would eventually become what popular candy?Starbursts
10%

Score Distribution

Percentile by Number Answered

Percent of People with Each Score

Your Score History

You have not taken this quiz